01017 a2200229 4500003000500000005001700005010001600022020002900038040000900067082001500076100002400091245007200115260005100187300003100238440005500269505027700324650001200601650001900613942001200632999001900644952012400663Nust20230320093401.0 a 85027795 a0387161279 (pbk. : U.S.) cNust00a621.66,YOU1 aYoung, Matt,96902710aOptics and lasers :ban engineering physics approach /cMatt Young. aBerlin ;aNew York :bSpringer-Verlag,cc1986. axvi, 207 pbill. ;c24 cm. 0aSpringer series in optical sciences ;vv. 5998141 aRay Optics (Page-1), Optical Instruments (Page-20), Light Sources and Detectors (Page-43), Wave Optics (Page-73), Interferometry and Related Areas (Page-106), Holography and Fourier Optics (Page-118), Lasers (Page-144), Electromagnetic and Polarization Effects (Page-171). 0aLasers. 0aOptics.940012 2ddccBK c183559d183559 00102ddc4070aMCSbMCScGENd2016-12-12o621.366,YOUpMCS5798r2016-12-08w2016-12-12yBKzAlmirah No.74, Shelf No.6